مكتبة جامعة عجلون الوطنية

فهرس بحث المكتبة

Complex Negative Filters of Classical Semigroups (Record no. 33916)

MARC details
000 -LEADER
fixed length control field 00706nam a22001937a 4500
003 - CONTROL NUMBER IDENTIFIER
control field JO-AjAnu
005 - DATE AND TIME OF LATEST TRANSACTION
control field 20250323112258.0
008 - FIXED-LENGTH DATA ELEMENTS--GENERAL INFORMATION
fixed length control field 250319b jo ||||| |||| 00| 0 ara d
040 ## - CATALOGING SOURCE
Transcribing agency JO-AjAnu
041 ## - LANGUAGE CODE
Language code of original eng
100 ## - MAIN ENTRY--PERSONAL NAME
Personal name Hanandeh, Omar Basem
Relator term Prepared
9 (RLIN) 66543
245 ## - TITLE STATEMENT
Title Complex Negative Filters of Classical Semigroups
Statement of responsibility, etc. / by Omar Basem Hanandeh ; Supervisor Anas AL- Masarwah
260 ## - PUBLICATION, DISTRIBUTION, ETC.
Date of publication, distribution, etc. 2025
300 ## - PHYSICAL DESCRIPTION
Extent 61 pages
500 ## - GENERAL NOTE
General note University Thesis (Master's Thesis in Mathematics) Ajloun National University (Jordan-Ajloun) / College of Business, Department of Mathematics, 2025
650 ## - SUBJECT ADDED ENTRY--TOPICAL TERM
Form subdivision الرياضيات
700 ## - ADDED ENTRY--PERSONAL NAME
Personal name Al-Masarwah, Anas
Relator term Supervisor
9 (RLIN) 66544
942 ## - ADDED ENTRY ELEMENTS (KOHA)
Source of classification or shelving scheme Library of Congress Classification
Koha item type Thesis
Suppress in OPAC No
Holdings
Withdrawn status Lost status Source of classification or shelving scheme Damaged status Not for loan Home library Current library Date acquired Total Checkouts Full call number Barcode Date last seen Price effective from Koha item type
    Library of Congress Classification     مكتبة جامعة عجلون الوطنية مكتبة جامعة عجلون الوطنية 19/03/2025   QA141.5.2025 E4035 19/03/2025 19/03/2025 Thesis
    Library of Congress Classification     مكتبة جامعة عجلون الوطنية مكتبة جامعة عجلون الوطنية 19/03/2025   QA141.5.2025 E4036 19/03/2025 19/03/2025 Thesis